| 000 | nam a22 a 4500 | ||
|---|---|---|---|
| 999 |
_c1735 _d1735 |
||
| 005 | 20170511145706.0 | ||
| 008 | 170511b1983 ||||| |||| 00| 0 eng d | ||
| 020 | _a0844735132 | ||
| 020 | _a0844735124 (pbk.) | ||
| 040 | _aAKMAL | ||
| 082 | _a338.4761 WEI | ||
| 090 |
_a338.4761 _bWEI |
||
| 100 |
_aWeisbrod, Burton A. _93585 |
||
| 245 | 0 | 0 | _aEconomics and medical research. |
| 260 |
_aWashington _bAmerican Enterprise Institute for Public Policy Research _c1983. |
||
| 300 | _ccm | ||
| 852 |
_aBritish Library _bDSC |
||
| 942 |
_2ddc _cBOOK |
||